[Event "Ch Bosnia & Herzegovina (team)"]
[Site "masterchessopen.com - Banja Vrucica (Bosnia & Herzegovina)"]
[Date "2009.06.12"]
[Round "7"]
[White "Ilincic Zlatko (SRB)"]
[Black "Eljanov Pavel (UKR)"]
[Result "0-1"]
[WhiteElo "2479"]
[BlackElo "2716"]

1.d4 Nf6 2.c4 e6 3.Nf3 c5 4.d5 exd5 5.cxd5 d6 6.Nc3 g6 7.g3 Bg7 8.Bg2 O-O
9.O-O Nbd7 10.a4 Qe7 11.Ra3 Ng4 12.a5 Nge5 13.Qa4 a6 14.Rb3 Rb8 15.Ne4 h6
16.Nxe5 Nxe5 17.Rb6 Rd8 18.Qb3 Bf5 19.Nd2 Nd7 20.e4 Nxb6 21.Qxb6 Bd7 22.Nc4
Bb5 23.b3 Qd7 24.h4 Bxc4 25.bxc4 h5 26.Bf4 Kh7 27.Kh2 Bh6 28.Bxh6 Kxh6 29.f4
Re8 30.Rb1 f5 31.e5 dxe5 32.fxe5 Rxe5 33.Qxc5 Re2 34.Qd4 Kh7 35.Rb6 Rf8 36.Qf4
Rf7 37.Kh3 Re4 38.Qd6 Qxd6 39.Rxd6 Rxc4 40.Rd8 f4 41.gxf4 Rfxf4 42.Rd7+ Kh6
43.Rxb7 Rxh4+ 44.Kg3 Rhg4+ {#R} 0-1

[Event "Ch Slovenia (team) (juniors)"]
[Site "masterchessopen.com - Nova Gorica (Slovenia)"]
[Date "2009.08.23"]
[Round "3"]
[White "Drnovsek Nejc (SLO)"]
[Black "Nadvesnik Maja (SLO)"]
[Result "1-0"]
[WhiteElo "2125"]
[BlackElo "1879"]

1.d4 Nf6 2.c4 c5 3.d5 e6 4.Nc3 exd5 5.cxd5 d6 6.Nf3 g6 7.g3 Bg7 8.Bg2 O-O
9.O-O Nbd7 10.Nd2 Qe7 11.h3 b6 12.Re1 Bb7 13.e4 Rfe8 14.e5 Rab8 15.e6 fxe6
16.Rxe6 Qf7 17.Rxe8+ Rxe8 18.Nc4 Qe7 19.Bf4 Ne5 20.Bxe5 dxe5 21.d6 Qd7 22.Qb3
Kh8 23.Qb5 Bxg2 24.Kxg2 Rf8 25.Rd1 Qb7+ 26.Kg1 Nd7 27.Nd2 a6 28.Qc4 b5 29.Qe6
Nf6 30.Qxe5 Qd7 31.Qe7 Qxh3 32.Nf1 Ng4 33.d7 Nxf2 34.Qxf8+ Bxf8 35.d8=Q Qf5
36.Qd5 Nxd1 37.Qxf5 gxf5 38.Nxd1 Kg7 39.Nfe3 Kg6 40.Kf2 Bg7 41.Nd5 a5 42.Nc7
Bd4+ 43.Kf3 b4 44.Ne3 {#r} 1-0

[Event "It (open)"]
[Site "masterchessopen.com - Voronezh (Russia)"]
[Date "2010.06.18"]
[Round "6"]
[White "Krylov Mikhail (RUS)"]
[Black "Grigoryan Avetik (ARM)"]
[Result "0-1"]
[WhiteElo "2516"]
[BlackElo "2579"]

1.d4 Nf6 2.c4 e6 3.g3 c5 4.d5 exd5 5.cxd5 d6 6.Nc3 g6 7.Bg2 Bg7 8.Nf3 O-O
9.O-O Nbd7 10.a4 Qe7 11.h3 Ne4 12.Nxe4 Qxe4 13.Ra3 Qb4 14.Nd2 Re8 15.Rb3 Qa5
16.Nc4 Qa6 17.Na3 Nb6 18.Nb5 Bd7 19.Nc7 Qxa4 20.Nxa8 Rxa8 21.Ra3 Qxd1 22.Rxd1
Na4 23.Ra2 b5 24.e4 c4 25.Bf1 Rc8 26.Re1 b4 27.Bxc4 Rxc4 28.b3 Rxc1 29.Rxc1
Nc3 30.Rxa7 Ne2+ 31.Kh2 Nxc1 32.Rxd7 Bc3 33.Rxd6 Nxb3 34.Rb6 Kf8 35.e5 Na5
36.d6 Ke8 37.Ra6 b3 38.Ra8+ Kd7 39.Ra7+ Ke6 40.Re7+ Kd5 41.d7 Nc6 42.d8=Q+
Nxd8 43.Rd7+ Kc4 44.Rxd8 b2 45.Rd1 Bxe5 46.f4 Bc3 47.Kg2 Kb3 48.Kf3 Kc2 49.Ke2
f5 50.g4 b1=Q 51.Rxb1 Kxb1 52.Kd3 Kb2 {#R} 0-1

[Event "Olympiad (under 16)"]
[Site "masterchessopen.com - Burdur (Turkey)"]
[Date "2010.11.28"]
[Round "2"]
[White "Tilicheev Viacheslav (RUS)"]
[Black "Gabuzyan Hovhannes (ARM)"]
[Result "0-1"]
[WhiteElo "2343"]
[BlackElo "2261"]

1.d4 Nf6 2.c4 c5 3.d5 e6 4.Nc3 exd5 5.cxd5 d6 6.g3 g6 7.Bg2 Bg7 8.Nf3 O-O
9.O-O Nbd7 10.Bf4 Qe7 11.h3 Nh5 12.Bg5 f6 13.Bd2 f5 14.e4 f4 15.g4 Nhf6 16.Ng5
Ne5 17.Bxf4 Nfxg4 18.Bc1 h6 19.Ne6 Bxe6 20.dxe6 Qh4 21.Qe2 Rf3 22.Bxf3 Qxh3
23.Bxg4 Nxg4 24.Bf4 Rf8 25.Bg3 Bd4 26.Bxd6 Rf3 27.Qxf3 Qxf3 28.Nd1 Ne5 29.Bxe5
Qg4+ 30.Kh1 Qh3+ 31.Kg1 Bxe5 32.Re1 Bh2+ 33.Kh1 Bf4+ 34.Kg1 Qxe6 35.a4 Qg4+
36.Kf1 Bd2 37.Re2 Qh3+ 38.Kg1 Bf4 39.f3 Qxf3 40.Rf2 Qd3 41.Rg2 Qxe4 42.Nf2 Qf5
43.Re1 h5 44.Re4 g5 45.b4 c4 46.Re8+ Kf7 47.Re1 Kg6 48.Ne4 h4 49.Rge2 h3
50.Nf2 Bg3 51.Rf1 Qf3 52.Re6+ Kh5 53.Nxh3 Bh2+ 54.Kxh2 Qxf1 55.Re5 c3 56.Rxg5+
Kh6 57.Rc5 Qe2+ 58.Kg3 Qe3+ 59.Kg4 Qxc5 {#R} 0-1

[Event "It (open)"]
[Site "masterchessopen.com - Pavlodar (Kazakhstan)"]
[Date "2011.12.03"]
[Round "4"]
[White "Sergazin Almat (KAZ)"]
[Black "Ismagambetov Anuar (KAZ)"]
[Result "0-1"]
[WhiteElo "2173"]
[BlackElo "2500"]

1.c4 e6 2.Nf3 Nf6 3.d4 c5 4.d5 exd5 5.cxd5 d6 6.Nc3 g6 7.g3 Bg7 8.Bg2 O-O
9.O-O Nbd7 10.Re1 a6 11.a4 Rb8 12.e4 b5 13.a5 Re8 14.Nd2 Ne5 15.Bf1 Nh5 16.Be2
Nf6 17.f3 Bh3 18.Nf1 Nfd7 19.Ne3 c4 20.Ng2 Bxg2 21.Kxg2 Nc5 22.Ra2 Ned3
23.Bxd3 Nxd3 24.Re2 b4 25.Nb1 Qc7 26.Ra4 Rec8 27.Rc2 Qd7 28.Re2 {#R} 0-1

[Event "Ch City"]
[Site "masterchessopen.com - Satka (Russia)"]
[Date "2011.12.24"]
[Round "3"]
[White "Ivanov Stepan"]
[Black "Vaseprsov Maxim"]
[Result "0-1"]
[WhiteElo "2021"]
[BlackElo "2193"]

1.d4 Nf6 2.c4 e6 3.Nf3 c5 4.d5 d6 5.Nc3 exd5 6.cxd5 g6 7.g3 Bg7 8.Bg2 O-O
9.O-O Nbd7 10.Nd2 Qe7 11.e4 a6 12.a4 Rb8 13.Nc4 h6 14.f4 b5 15.axb5 axb5
16.Na5 Bb7 17.e5 Ne8 18.Nxb5 Ba8 19.Na7 Nxe5 20.Bd2 Qxa7 21.Nc6 Nxc6 22.Rxa7
Nxa7 23.f5 Nf6 24.Qc2 Kh7 25.Bc3 Nb5 26.fxg6+ fxg6 27.Bxf6 Bxf6 28.Be4 Kg7
29.Qe2 h5 30.Ra1 Nc7 31.Ra7 Rb7 32.Ra2 Rb4 33.Qc2 Rxe4 34.Ra7 Re1+ 35.Kf2 Bc3+
36.Kg2 Bxd5+ 37.Kh3 Be6+ 38.Kg2 Bd4 39.Rxc7+ Kg8 40.Ra7 Rg1# 0-1

[Event "Tournament (team) \"]
[Site "masterchessopen.com - Las Palmas (Spain)"]
[Date "2012.02.04"]
[Round "8"]
[White "Rodriguez Melian Jose Luis (ESP)"]
[Black "Solana Suarez Ernesto (ESP)"]
[Result "0-1"]
[WhiteElo "2119"]
[BlackElo "2321"]

1.d4 Nf6 2.c4 e6 3.g3 c5 4.d5 exd5 5.cxd5 d6 6.Nf3 g6 7.Nc3 Bg7 8.Bg2 O-O
9.O-O Nbd7 10.Nd2 Nh5 11.Bf3 Ne5 12.Bxh5 gxh5 13.Nf3 Ng6 14.Bg5 f6 15.Be3 a6
16.Qd2 Re8 17.a4 Rb8 18.Bh6 Bh8 19.Qd3 Bg4 20.Kg2 Qd7 21.Ng1 Ne5 22.Qc2 Nf7
23.Bf4 Bf5 24.e4 Bg6 25.Nf3 f5 26.Nh4 fxe4 27.Rfe1 Re7 28.Nxg6 hxg6 29.Nxe4
Qf5 30.f3 g5 31.Bd2 g4 32.Ra3 Rbe8 33.Rae3 Ng5 34.fxg4 hxg4 35.Nf6+ Qxf6
36.Bc3 Qf7 37.Rf1 Qxd5+ {#R} 0-1

[Event "It \"]
[Site "masterchessopen.com - Neustadt a.d. Weinstrasse (Germany)"]
[Date "2012.02.21"]
[Round "4"]
[White "Schrems Hermann (GER)"]
[Black "Schweizer Manfred (GER)"]
[Result "0-1"]
[WhiteElo "2188"]
[BlackElo "2072"]

1.d4 Nf6 2.c4 c5 3.d5 e6 4.Nc3 exd5 5.cxd5 d6 6.g3 g6 7.Bg2 Bg7 8.Nf3 O-O
9.O-O Nbd7 10.Nd2 Re8 11.Nc4 Ne5 12.Nxe5 Rxe5 13.Bf4 Re8 14.Qd2 a6 15.a4 Rb8
16.e4 b5 17.axb5 axb5 18.Rfe1 Ng4 19.Nd1 Ne5 20.Bg5 Qb6 21.Qc2 b4 22.Qa4 Bg4
23.Qb3 c4 24.Qe3 Nd3 25.Qxb6 Rxb6 26.Ne3 Nxe1 27.Rxe1 Bd7 28.Nxc4 Ra6 29.Bf1
Rea8 30.Kg2 Ra1 31.Bd2 Rxe1 32.Bxe1 Rb8 33.f4 Bb5 34.b3 Bxc4 35.Bxc4 Bc3
36.Kf2 Bxe1+ 37.Kxe1 Ra8 38.Ke2 f6 39.h4 Ra2+ 40.Ke3 Rc2 41.g4 Rc3+ 42.Kd4 Rf3
43.Bd3 Rxf4 44.g5 f5 45.Ke3 Rxh4 46.exf5 Rh3+ 47.Kd4 gxf5 48.Kc4 Rf3 49.Be2
Rf4+ 50.Kb5 Re4 51.Bc4 f4 52.Bf1 Kf8 53.Kc6 Ke7 54.Bd3 Re3 55.Bxh7 Rxb3 56.Kb5
Rg3 57.Kxb4 Rxg5 58.Kc4 f3 59.Bd3 Re5 60.Bf1 Re1 {#R} 0-1

[Event "Ch Europe (seniors) (team)"]
[Site "masterchessopen.com - Rogatska Slatina (Slovenia)"]
[Date "2012.03.27"]
[Round "1"]
[White "Grahn Lars (SWE)"]
[Black "Malmdin Nils-Ake (SWE)"]
[Result "0-1"]
[WhiteElo "2058"]
[BlackElo "2318"]

1.d4 Nf6 2.c4 e6 3.g3 c5 4.d5 exd5 5.cxd5 d6 6.Nc3 g6 7.Bg2 Bg7 8.Nf3 O-O
9.O-O Nbd7 10.Bf4 Nb6 11.h3 Re8 12.Re1 Bf5 13.Nh4 Be4 14.Bg5 Bxg2 15.Nxg2 Qd7
16.Bxf6 Bxf6 17.Kh2 Bg7 18.Qd3 Re7 19.Rad1 a6 20.e4 Rae8 21.f3 Nc8 22.Qc2 b5
23.Nb1 Nb6 24.b3 Rc8 25.Qd2 Qb7 26.Ne3 c4 27.bxc4 Nxc4 28.Nxc4 Rxc4 29.Rc1
Rec7 30.Rxc4 bxc4 31.f4 c3 32.Qc2 Rc5 33.e5 dxe5 34.fxe5 Qxd5 35.Rd1 Qxd1
36.Qxd1 c2 37.Qd8+ Bf8 38.e6 cxb1=Q 39.exf7+ Kxf7 {#R} 0-1

[Event "It (open)"]
[Site "masterchessopen.com - Lvov (Ukraine)"]
[Date "2012.05.30"]
[Round "3"]
[White "Khrinovskyi Oleksiy (UKR)"]
[Black "Grinev Valeriy (UKR)"]
[Result "1-0"]
[WhiteElo "2103"]
[BlackElo "2395"]

1.d4 Nf6 2.Nf3 e6 3.c4 c5 4.d5 exd5 5.cxd5 d6 6.Nc3 g6 7.g3 Bg7 8.Bg2 O-O
9.O-O Nbd7 10.h3 a6 11.a4 Re8 12.Bf4 Qe7 13.Re1 Nh5 14.Bg5 f6 15.Bc1 f5 16.Ra3
Ne5 17.e4 Nf6 18.Nxe5 Qxe5 19.Bf4 Qe7 20.Re3 Qf8 21.exf5 Rxe3 22.Bxe3 Bxf5
23.Kh2 Re8 24.Qd2 Nd7 25.g4 Ne5 26.gxf5 Nc4 27.Qd3 Nxa3 28.bxa3 Qxf5 29.Qxf5
gxf5 30.Bd2 Bd4 31.Kg3 Kf7 32.Kf3 Kf6 33.Bf1 Rg8 34.Bg2 Kg6 35.Bf1 Bf6 36.Ne2
Bb2 37.Nf4+ Kf6 38.Nd3 Bxa3 39.Bc3+ Ke7 40.a5 Rg1 41.Ke2 Kd7 42.Bb2 Bxb2
43.Nxb2 f4 44.f3 Rg5 45.Nc4 Ke7 46.Nb6 Re5+ 47.Kd2 Re3 48.Be2 Ra3 49.Nc4 h5
50.Nxa3 {#r} 1-0

[Event "It \"]
[Site "masterchessopen.com - Budapest (Hungary)"]
[Date "2012.08.21"]
[Round "4"]
[White "Kislik Erik Andrew (USA)"]
[Black "Tesik Csaba (HUN)"]
[Result "1-0"]
[WhiteElo "2408"]
[BlackElo "2353"]

1.d4 Nf6 2.c4 e6 3.g3 c5 4.d5 exd5 5.cxd5 g6 6.Nc3 d6 7.Bg2 Bg7 8.Nf3 O-O
9.O-O Nbd7 10.Bf4 Ne8 11.e4 a6 12.a4 Rb8 13.a5 b5 14.axb6 Rxb6 15.Qc2 Rb4
16.Rfe1 a5 17.Bf1 h6 18.Bd2 Nef6 19.Nb5 Nb6 20.Bxb4 axb4 21.Nd2 Re8 22.Nb3 Ng4
23.f4 f5 24.h3 Nf6 25.Nxd6 Rxe4 26.Nxe4 Nxe4 27.Rad1 Qd6 28.Rxe4 fxe4 29.Qxc5
Qf6 30.d6 Qxb2 31.d7 Bxd7 32.Bc4+ Kh7 33.Qxb6 Qc3 34.Qf2 Qxc4 35.Rxd7 Qxb3
36.f5 e3 37.fxg6+ Kxg6 38.Rd6+ {#r} 1-0

[Event "Memorial Oliver Gonzalez (open) (b)"]
[Site "masterchessopen.com - Madrid (Spain)"]
[Date "2012.09.06"]
[Round "6"]
[White "Cortijo Manso Luis (ESP)"]
[Black "Vargas Huamani Juan C"]
[Result "0-1"]
[WhiteElo "1534"]
[BlackElo "1898"]

1.d4 Nf6 2.Nf3 c5 3.d5 e6 4.c4 exd5 5.cxd5 d6 6.g3 g6 7.Bg2 Bg7 8.O-O O-O
9.Nc3 Nbd7 10.e4 a6 11.a4 b6 12.Re1 Re8 13.Nd2 Ne5 14.Qc2 Nfd7 15.Nf3 Nxf3+
16.Bxf3 Ne5 17.Bg2 Bg4 18.Bf4 Nf3+ 19.Bxf3 Bxf3 20.Qd3 Bg4 21.Rab1 g5 22.Bd2
Bh3 23.Qf3 Qf6 24.Qxf6 Bxf6 25.Nd1 b5 26.b3 Rab8 27.axb5 Rxb5 28.Bc3 Bd4
29.Bxd4 cxd4 30.f3 Bd7 31.g4 Rxd5 32.Nf2 Rc5 33.Red1 Rc3 34.Kg2 Rb8 35.Rxd4
Rbxb3 36.Rxb3 Rxb3 37.Rxd6 Bb5 38.e5 Be2 39.Rf6 Kg7 40.Ne4 Bc4 41.Nd6 Be6
42.Ne8+ Kf8 43.Nc7 Bc4 44.Nxa6 Rb2+ 45.Kg3 Bf1 46.h4 Rg2+ 47.Kh3 Ra2+ 48.Kg3
gxh4+ 49.Kxh4 Rxa6 50.Rxa6 Bxa6 51.f4 Kg7 52.f5 Be2 53.Kg3 Bd3 54.f6+ Kf8
55.Kf4 Bg6 56.g5 Ke8 57.Ke3 Kd7 58.Kd4 Kc6 {#R} 0-1